Amtrak Stations Along More Than One Route - Statistics

General Stats
  • This quiz has been taken 363 times
    19 since last reset
  • The average score is 89 of 194
Answer Stats
Route(s) State (or DC) Code(s) Place % Correct
Coast Starlight, Pacific Surfliner, Southwest Chief, Sunset Limited, Texas Eagle CA LAX Los Angeles
95%
Capitol Corridor, Coast Starlight CA SJC San Jose
95%
Acela, Downeaster, Lake Shore Limited, Northeast Regional MA BON, BOS, BBY Boston
89%
Borealis, California Zephyr, Capitol Limited, City of New Orleans, Empire Builder, Floridian, Hiawatha, Illinois Services, Lake Shore Limited, Lincoln Service Missouri River Runner, Michigan Services, Southwest Chief, Texas Eagle IL CHI Chicago
89%
Floridian, Silver Service/Palmetto FL MIA Miami
89%
Acela, Amtrak Hartford Line, Northeast Regional, Valley Flyer, Vermonter CT NHV, STS New Haven
89%
Acela, Capitol Limited, Cardinal, Carolinian/Piedmont, Crescent, Floridian, Northeast Regional, Silver Service/Palmetto, Vermonter DC WAS Washington
89%
Lincoln Service Missouri River Runner, Missouri River Runner MO WAH Washington
89%
Amtrak Cascades, Coast Starlight OR ALY Albany
84%
Adirondack, Berkshire Flyer, Empire Service, Ethan Allen Express, Lake Shore Limited, Maple Leaf NY ALB Albany-Rensselaer
84%
Empire Service, Lake Shore Limited, Maple Leaf NY BFX, BUF Buffalo
84%
Capitol Limited, Floridian, Lake Shore Limited OH CLE Cleveland
84%
Amtrak Hartford Line, Northeast Regional, Valley Flyer, Vermonter CT HFD Hartford
84%
Floridian, Silver Service/Palmetto FL JAX Jacksonville
84%
Acela, Cardinal, Carolinian/Piedmont, Crescent, Keystone Service, Northeast Regional, Pennsylvanian, Silver Service/Palmetto, Vermonter NJ EWR, NWK Newark
84%
Acela, Adirondack, Berkshire Flyer, Cardinal, Carolinian/Piedmont, Crescent, Empire Service, Ethan Allen Express, Keystone Service, Lake Shore Limited, Maple Leaf, Northeast Regional, Pennsylvanian, Silver Service/Palmetto, Vermonter NY NYP New York
84%
Amtrak Cascades, Coast Starlight, Empire Builder OR PDX Portland
84%
California Zephyr, Capitol Corridor, Coast Starlight, San Joaquins CA SAC Sacramento
84%
Illinois Services, Lincoln Service Missouri River Runner, Texas Eagle IL SPI Springfield
84%
Amtrak Hartford Line, Lake Shore Limited, Northeast Regional, Valley Flyer, Vermonter MA SPG Springfield
84%
Floridian, Silver Service/Palmetto FL TPA Tampa
84%
Sunset Limited, Texas Eagle AZ YUM Yuma
84%
Acela, Cardinal, Carolinian/Piedmont, Crescent, Northeast Regional, Silver Service/Palmetto, Vermonter MD BAL, BWI Baltimore
79%
Floridian, Silver Service/Palmetto FL FTL Fort Lauderdale
79%
Borealis, Empire Builder, Hiawatha WI MKA, MKE Milwaukee
79%
City of New Orleans, Crescent, Sunset Limited LA NOL New Orleans
79%
Capitol Corridor, Coast Starlight, San Joaquins CA OAC, OKJ Oakland
79%
Floridian, Silver Service/Palmetto FL ORL Orlando
79%
Empire Service, Lake Shore Limited, Maple Leaf NY ROC Rochester
79%
Amtrak Cascades, Coast Starlight, Empire Builder WA SEA Seattle
79%
Lincoln Service Missouri River Runner, Missouri River Runner, Texas Eagle MO STL St. Louis
79%
Borealis, Empire Builder MN MSP St. Paul-Minneapolis
79%
Empire Service, Lake Shore Limited, Maple Leaf NY SYR Syracuse
79%
Capitol Limited, Floridian, Lake Shore Limited OH TOL Toledo
79%
Sunset Limited, Texas Eagle AZ TUS Tucson
79%
Cardinal, Carolinian/Piedmont, Crescent, Floridian, Northeast Regional, Silver Service/Palmetto VA ALX Alexandria
74%
Carolinian/Piedmont, Crescent NC CLT Charlotte
74%
California Zephyr, Capitol Corridor, Coast Starlight CA DAV Davis
74%
Amtrak Cascades, Coast Starlight OR EUG Eugene
74%
Heartland Flyer, Texas Eagle TX FTW Fort Worth
74%
Keystone Service, Pennsylvanian PA HAR Harrisburg
74%
Lincoln Service Missouri River Runner, Missouri River Runner, Southwest Chief MO KCY Kansas City
74%
Acela, Cardinal, Carolinian/Piedmont, Crescent, Keystone Service, Northeast Regional, Pennsylvanian, Silver Service/Palmetto, Vermonter PA PHL Philadelphia
74%
Capitol Limited, Floridian, Pennsylvanian PA PGH Pittsburgh
74%
Capitol Corridor, San Joaquins CA RIC Richmond
74%
Carolinian/Piedmont, Floridian, Northeast Regional, Northeast Regional, Silver Service/Palmetto VA RVR Richmond
74%
Floridian, Silver Service/Palmetto GA SAV Savannah
74%
Cardinal, Carolinian/Piedmont, Crescent, Keystone Service, Northeast Regional, Pennsylvanian, Silver Service/Palmetto, Vermonter NJ TRE Trenton
74%
Empire Service, Lake Shore Limited, Maple Leaf NY UCA Utica
74%
Amtrak Cascades, Coast Starlight, Empire Builder WA VAN Vancouver
74%
Acela, Cardinal, Carolinian/Piedmont, Crescent, Northeast Regional, Silver Service/Palmetto, Vermonter DE WIL Wilmington
74%
Illinois Services, Lincoln Service Missouri River Runner, Texas Eagle IL JOL Joliet
68%
Coast Starlight, Pacific Surfliner CA OXN Oxnard
68%
Acela, Northeast Regional RI PVD Providence
68%
Carolinian/Piedmont, Floridian, Silver Service/Palmetto NC RGH Raleigh
68%
Amtrak Cascades, Coast Starlight OR SLM Salem
68%
Capitol Limited, Floridian, Lake Shore Limited IN SOB South Bend
68%
Amtrak Cascades, Coast Starlight WA TAC Tacoma
68%
Coast Starlight, Pacific Surfliner CA BBK, BUR Burbank
63%
Floridian, Silver Service/Palmetto SC CLB Columbia
63%
Capitol Limited, Floridian, Lake Shore Limited IN EKH Elkhart
63%
Adirondack, Berkshire Flyer, Empire Service, Ethan Allen Express, Maple Leaf NY HUD Hudson
63%
Lincoln Service Missouri River Runner, Missouri River Runner MO JEF Jefferson City
63%
Coast Starlight, Pacific Surfliner CA SBA Santa Barbara
63%
Northeast Regional, Vermonter CT BRP Bridgeport
58%
City of New Orleans, Illinois Services IL CHM Champaign-Urbana
58%
Sunset Limited, Texas Eagle TX ELP El Paso
58%
Pacific Surfliner, Southwest Chief CA FUL Fullerton
58%
Floridian, Silver Service/Palmetto FL KIS Kissimmee
58%
Crescent, Northeast Regional VA LYH Lynchburg
58%
California Zephyr, Illinois Services, Southwest Chief IL NPV Naperville
58%
Adirondack, Berkshire Flyer, Empire Service, Ethan Allen Express, Lake Shore Limited, Maple Leaf NY POU Poughkeepsie
58%
Empire Service, Maple Leaf NY ROM Rome
58%
Sunset Limited, Texas Eagle TX SAS San Antonio
58%
Acela, Northeast Regional, Vermonter CT STM Stamford
58%
Floridian, Silver Service/Palmetto FL WPB West Palm Beach
58%
Adirondack, Berkshire Flyer, Empire Service, Ethan Allen Express, Maple Leaf NY YNY Yonkers
58%
California Zephyr, Capitol Corridor, Coast Starlight, San Joaquins CA EMY Emeryville
53%
Amtrak Cascades, Empire Builder WA EVR Everett
53%
Carolinian/Piedmont, Crescent NC GRO Greensboro
53%
Floridian, Silver Service/Palmetto FL LAK, LKL Lakeland
53%
Keystone Service, Pennsylvanian PA LNC Lancaster
53%
Illinois Services, Lincoln Service Missouri River Runner, Texas Eagle IL LCN Lincoln
53%
Capitol Limited, Floridian, Lake Shore Limited OH SKY Sandusky
53%
Adirondack, Ethan Allen Express NY SAR Saratoga Springs
53%
Empire Service, Maple Leaf NY AMS Amsterdam
47%
Cardinal, Crescent, Northeast Regional VA CVS Charlottesville
47%
Capitol Limited, Floridian MD CUM Cumberland
47%
Floridian, Silver Service/Palmetto FL OKE Okeechobee
47%
Coast Starlight, Pacific Surfliner CA SLO San Luis Obispo
47%
Coast Starlight, Pacific Surfliner CA SIM Simi Valley
47%
Amtrak Hartford Line, Northeast Regional, Valley Flyer CT BER Berlin
42%
Carolinian/Piedmont, Crescent NC HPT High Point
42%
Valley Flyer, Vermonter MA HLK Holyoke
42%
City of New Orleans, Illinois Services IL KKI Kankakee
42%
Keystone Service, Northeast Regional, Silver Service/Palmetto NJ NBK New Brunswick
42%
Sunset Limited, Texas Eagle CA ONA Ontario
42%
Sunset Limited, Texas Eagle CA PSN Palm Springs
42%
Berkshire Flyer, Lake Shore Limited MA PIT Pittsfield
42%
California Zephyr, Illinois Services, Southwest Chief IL PCT Princeton
42%
Adirondack, Empire Service, Ethan Allen Express, Lake Shore Limited, Maple Leaf NY SDY Schenectady
42%
Floridian, Silver Service/Palmetto FL WPK Winter Park
42%
Illinois Services, Lincoln Service Missouri River Runner, Texas Eagle IL BNL Bloomington-Normal
37%
City of New Orleans, Illinois Services IL CDL Carbondale
37%
Adirondack, Berkshire Flyer, Empire Service, Ethan Allen Express, Lake Shore Limited, Maple Leaf NY CRT Croton-Harmon
37%
Borealis, Empire Builder WI LSE La Crosse
37%
Sunset Limited, Texas Eagle AZ MRC Maricopa
37%
Acela, Keystone Service, Northeast Regional, Silver Service/Palmetto, Vermonter NJ MET Metropark (Iselin)
37%
Amtrak Cascades, Coast Starlight WA OLW Olympia-Lacey
37%
Northeast Regional, Silver Service/Palmetto MD ABE Aberdeen
32%
City of New Orleans, Illinois Services IL CEN Centralia
32%
Amtrak Cascades, Coast Starlight WA CTL Centralia
32%
Borealis, Empire Builder WI CBS Columbus
32%
Floridian, Silver Service/Palmetto FL DLB Delray Beach
32%
Amtrak Cascades, Empire Builder WA EDM Edmonds
32%
City of New Orleans, Illinois Services IL EFG Effingham
32%
Capitol Limited, Floridian, Lake Shore Limited OH ELY Elyria
32%
Carolinian/Piedmont, Northeast Regional, Silver Service/Palmetto VA FBG Fredericksburg
32%
Lincoln Service Missouri River Runner, Missouri River Runner MO LEE Lee's Summit
32%
Cardinal, Crescent, Northeast Regional VA MSS Manassas
32%
Empire Service, Maple Leaf NY NFL Niagara Falls
32%
Valley Flyer, Vermonter MA NHT Northampton
32%
Keystone Service, Pennsylvanian PA PAO Paoli
32%
Carolinian/Piedmont, Floridian, Silver Service/Palmetto VA PTB Petersburg
32%
Illinois Services, Lincoln Service Missouri River Runner, Texas Eagle IL PON Pontiac
32%
Keystone Service, Northeast Regional, Silver Service/Palmetto NJ PJC Princeton Junction
32%
Capitol Limited, Floridian MD RKV Rockville
32%
Carolinian/Piedmont, Floridian, Silver Service/Palmetto NC RMY Rocky Mount
32%
Acela, Northeast Regional MA RTE Route 128 (Westwood)
32%
Carolinian/Piedmont, Crescent NC SAL Salisbury
32%
Amtrak Hartford Line, Northeast Regional, Valley Flyer CT WFD Wallingford
32%
Sunset Limited, Texas Eagle TX ALP Alpine
26%
Illinois Services, Lincoln Service Missouri River Runner, Texas Eagle IL ALN Alton
26%
Keystone Service, Pennsylvanian PA ARD Ardmore
26%
Floridian, Silver Service/Palmetto SC CAM Camden
26%
California Zephyr, Illinois Services, Southwest Chief IL GBB Galesburg
26%
Valley Flyer, Vermonter MA GFD Greenfield
26%
Floridian, Silver Service/Palmetto FL HOL Hollywood
26%
Lincoln Service Missouri River Runner, Missouri River Runner MO IDP Independence
26%
California Zephyr, Capitol Corridor, Coast Starlight, San Joaquins CA MTZ Martinez
26%
City of New Orleans, Illinois Services IL MAT Mattoon
26%
Amtrak Hartford Line, Northeast Regional, Valley Flyer, Vermonter CT MDN Meriden
26%
Carolinian/Piedmont, Northeast Regional VA QAN Quantico
26%
Borealis, Empire Builder MN WIN Winona
26%
Floridian, Silver Service/Palmetto FL WTH Winter Haven
26%
Sunset Limited, Texas Eagle AZ BEN Benson
21%
Carolinian/Piedmont, Floridian, Silver Service/Palmetto NC CYN Cary
21%
Floridian, Silver Service/Palmetto FL DLD DeLand
21%
Keystone Service, Pennsylvanian PA EXT Exton
21%
Amtrak Cascades, Coast Starlight WA KEL Kelso-Longview
21%
Northeast Regional, Silver Service/Palmetto, Vermonter MD NCR New Carrollton
21%
Borealis, Empire Builder MN RDW Red Wing
21%
Adirondack, Berkshire Flyer, Empire Service, Ethan Allen Express, Lake Shore Limited, Maple Leaf NY RHI Rhinecliff
21%
California Zephyr, Capitol Corridor CA RSV Roseville
21%
Floridian, Silver Service/Palmetto FL SBG Sebring
21%
Amtrak Hartford Line, Northeast Regional, Valley Flyer CT WND Windsor
21%
Amtrak Hartford Line, Northeast Regional, Valley Flyer, Vermonter CT WNL Windsor Locks
21%
Borealis, Empire Builder WI WDL Wisconsin Dells
21%
Cardinal, Crescent, Northeast Regional VA CLP Culpeper
16%
Adirondack, Ethan Allen Express NY FED Fort Edward
16%
Borealis, Empire Builder, Hiawatha IL GLN Glenview
16%
Capitol Limited, Floridian WV HFY Harpers Ferry
16%
City of New Orleans, Illinois Services IL HMW Homewood
16%
Lincoln Service Missouri River Runner, Missouri River Runner MO KWD Kirkwood
16%
Capitol Limited, Floridian WV MRB Martinsburg
16%
Keystone Service, Northeast Regional, Silver Service/Palmetto PA PHN North Philadelphia
16%
Sunset Limited, Texas Eagle CA POS Pomona
16%
Carolinian/Piedmont, Silver Service/Palmetto NC SSM Selma-Smithfield
16%
Borealis, Empire Builder WI TOH Tomah
16%
Coast Starlight, Pacific Surfliner CA VNC Van Nuys
16%
Illinois Services, Lincoln Service Missouri River Runner, Texas Eagle IL CRV Carlinville
11%
Capitol Limited, Floridian PA COV Connellsville
11%
Keystone Service, Northeast Regional, Silver Service/Palmetto PA CWH Cornwells Heights
11%
Sunset Limited, Texas Eagle NM DEM Deming
11%
Floridian, Silver Service/Palmetto SC DNK Denmark
11%
Illinois Services, Lincoln Service Missouri River Runner IL DWT Dwight
11%
Floridian, Silver Service/Palmetto NC HAM Hamlet
11%
Silver Service/Palmetto GA JSP Jesup
11%
Illinois Services, Southwest Chief IL MDT Mendota
11%
Lincoln Service Missouri River Runner, Missouri River Runner MO SED Sedalia
11%
Floridian, Silver Service/Palmetto NC SOP Southern Pines
11%
Carolinian/Piedmont, Silver Service/Palmetto NC WLN Wilson
11%
Capitol Limited, Floridian OH ALC Alliance
5%
Keystone Service, Pennsylvanian PA ELT Elizabethtown
5%
Lincoln Service Missouri River Runner, Missouri River Runner MO HEM Hermann
5%
Sunset Limited, Texas Eagle NM LDB Lordsburg
5%
Floridian, Silver Service/Palmetto FL PAK Palatka
5%
Borealis, Empire Builder WI POG Portage
5%
Sunset Limited, Texas Eagle TX SND Sanderson
5%
Borealis, Hiawatha WI SVT Sturtevant
5%
Illinois Services, Lincoln Service Missouri River Runner IL SMT Summit
5%
Capitol Limited, Floridian, Lake Shore Limited IN WTI Waterloo
5%
Sunset Limited, Texas Eagle TX DRT Del Rio
0%
Lincoln Service Missouri River Runner, Missouri River Runner MO WAR Warrensburg
0%
No matching quizzes found
Score Distribution
Percent of People with Each Score
Percentile by Number Answered
Your Score History
You have not taken this quiz since the last reset